Score 0/18 Timer 03:00
0 Plays Today
Hint Answer % Correct
_____ Loves RaymondEverybody
98.5%
The _____ DeGeneres ShowEllen
95.8%
My Name Is _____ Earl
89.8%
Curb Your _____Enthusiasm
87.6%
_____ Makeover: Home EditionExtreme
85.2%
Boardwalk _____Empire
81.1%
Eight is _____Enough
70.6%
St. _____Elsewhere
61.6%
Northern _____Exposure
61.6%
Hint Answer % Correct
Mister _____ Ed
61.4%
Clarissa _____ It AllExplains
56.7%
Star Trek: _____Enterprise
52.6%
_____ TonightEntertainment
50.8%
The _____ CompanyElectric
41.4%
_____ ShadeEvening
40.6%
_____ & DownEastbound
37.4%
Happy _____Endings
30.6%
_____: Final ConflictEarth
29.7%

Today's Daily Dose

Remove Ads.
Support Sporcle.
Get the best of Sporcle when you Go Orange. This ad-free experience offers more features, more stats, and more fun while also helping to support Sporcle. Thank you for becoming a member.

You're not logged in!

Compare scores with friends on all Sporcle quizzes.
OR
Log In

Show Comments

Extras

Top Quizzes Today


Score Distribution

Your Account Isn't Verified!

In order to create a playlist on Sporcle, you need to verify the email address you used during registration. Go to your Sporcle Settings to finish the process.

Report this User

Report this user for behavior that violates our Community Guidelines.

Details: